| 000 | 00899aam a2200373 4500 | ||
|---|---|---|---|
| 005 | 20251127194008.0 | ||
| 008 | 150722b1993 xxu||||| |||| 00| 0 spa d | ||
| 020 | _a9701003020 | ||
| 041 | _aESP | ||
| 082 | _a530 M737f | ||
| 100 |
_aMoncada Piedra, Guillermo E _916122 |
||
| 245 | _aFisica II: conceptos básicos | ||
| 260 | _aMéxico | ||
| 260 | _bMcGraw-Hill | ||
| 260 | _c1993 | ||
| 300 | _a223 páginas | ||
| 490 | _aElectrónica | ||
| 490 | _aGestión de Calidad | ||
| 650 | _aFÍSICA | ||
| 650 | _aFÍSICA CLÍNICA | ||
| 650 | _aFÍSICA MODERNA | ||
| 650 | _aELECTROMAGNETISMO | ||
| 650 | _aLEY DE OHM | ||
| 650 | _aLEY DE LENZ | ||
| 650 | _aSEMICONDUCTORES | ||
| 650 | _aELECTRICIDAD | ||
| 650 | _aCAMPOS ELÉCTRICOS | ||
| 650 | _aLEY DE COULOMB | ||
| 650 | _aCONDUCTORES | ||
| 650 | _aAISLADORES | ||
| 942 |
_cBK _2ddc |
||
| 999 |
_c299 _d299 |
||